000 00458nam a2200169 a 4500
001 4634
005 20180713184514.0
008 140415s1964 000 0 spa d
041 _aspa
082 _a511.5
_bLIP
100 1 _aLIPKA, JOSEPH
245 1 0 _aCOMPUTACION GRAFICAS Y MECANICAS
260 _a[s.l.] :
_bCEC,
_c1964
300 _a312
650 1 4 _aGRAFICOS POR COMPUTADOR
_xINGENIERIA
_xGRAFICOS
700 1 _aAYALA Z., IGNACIO
_etr.
999 _c4634
_d4634